Po stopách kostky cukru v Dačicích : (o jednom světovém prvenství...) /

Hlavní autor: Smutný, Bohumír, 1944-
Jazyk: Čeština
Vydáno: Dačice : Městský úřad, 1995
Témata:
Externí odkaz: Digitalizovaný dokument
Fyzický popis: 68 s. : il., plány. ; 20 cm
Knihy
Uloženo v:
LEADER 01888nam a2200469 a 4500
001 000056500
003 CZ BrMZK
005 20230830084618.0
007 ta
008 010907s1995 xr e f 0 cze d
015 |a cnb000117495 
040 |a BOA001  |b cze 
043 |a e-xr---  |b e-xr-jc  |2 czenas 
045 |a w3w5 
072 7 |a 664  |x Potravinářský průmysl  |2 Konspekt  |9 19 
080 |a 664.1  |2 MRF 
080 |a 94(437.319)  |2 MRF 
080 |a (437.319)  |2 MRF 
080 |a (036)  |2 MRF 
100 1 |a Smutný, Bohumír,  |d 1944-  |7 jk01120190  |4 aut 
245 1 0 |a Po stopách kostky cukru v Dačicích :  |b (o jednom světovém prvenství...) /  |c Bohumír Smutný. 
260 |a Dačice :  |b Městský úřad,  |c 1995 
300 |a 68 s. :  |b il., plány. ;  |c 20 cm 
500 |a Souhrn angl., něm. 
500 |a Dostupné též v digitální podobě v aplikaci Kramerius 
504 |a Obsahuje bibliografii 
648 4 |a 1833-1852 
648 4 |a 1843 
648 7 |a 19. století  |7 ch460557  |2 czenas 
650 0 7 |a cukrovarnictví  |7 ph114265  |z Česko  |y 19. století  |2 czenas 
650 0 7 |a cukr  |7 ph114263  |z Česko  |y 19. století  |2 czenas 
650 0 9 |a sugar industry  |z Czechia  |y 19th century  |2 eczenas 
650 0 9 |a sugar  |z Czechia  |y 19th century  |2 eczenas 
651 7 |a Dačice (Česko)  |7 ge128992  |x dějiny  |y 19. století  |2 czenas 
651 9 |a Dačice (Czechia)  |x history  |y 19. století  |2 eczenas 
655 7 |a informační publikace  |7 fd132454  |2 czenas 
655 9 |a information publications  |2 eczenas 
856 4 1 |u http://www.digitalniknihovna.cz/mzk/uuid/uuid:7578a0e0-fe50-11ea-b646-005056827e52  |y Digitalizovaný dokument  |x NDK 
910 |a BOA001  |b 2-1016.198 
990 |a BK 
996 7 |b 2610031007  |c 2-1016.198  |l MZK  |r Sklad / do 1 hodiny  |n 14  |p p.v.  |w 000056500  |u 000010  |a 1  |e BOA001  |j MZK50  |s A 
996 6 |b 2610033727  |c 2-1016.198  |l MZK  |r Sklad / do 1 hodiny  |n 2  |p p.v.  |w 000056500  |u 000020  |a 1  |e BOA001  |j MZK50  |s P